000 01347nam2a22002411 4500
001 RU\NLR\INFOCOMM31\1000047573
005 20250617061933.0
035 _a(NLR Aleph) 002517268
090 _a2732650
_c2732650
100 _a20040420d2000 |||y0rusy50 ca
101 0 _arus
102 _aRU
105 _ay |||||||||
200 0 _aВып.88
210 _d2000
_aБ. м.
461 0 _1001RU\NLR\INFOCOMM31\1000047485
_12001#$aМатериалы гляциологических исследований$iХроника. Обсуждения$fМеждувед. ком. по проведению Междунар. геофиз. года при Президиуме АН СССР. Междунар. геофиз. год 1957-1958-1959. Ин-т географии АН СССР$vВып.88
_92732581
_cМ.
_d1961 - 2009
_fМеждувед. ком. по проведению Междунар. геофиз. года при Президиуме АН СССР. Междунар. геофиз. год 1957-1958-1959. Ин-т географии АН СССР
_iХроника. Обсуждения
_tМатериалы гляциологических исследований
_x0130-3686
_vВып.88
801 1 _aRU
_bInfoComm
_c20040420
801 0 _aRU
_bNLR
_gPSBO
852 _aNLR
_jП8/1022
942 _cISSUE
980 _aNB
980 _aRUSPER